| 000 | 00595nam a2200229 a 4500 | ||
|---|---|---|---|
| 999 |
_c2021 _d2021 |
||
| 001 | 2021 | ||
| 003 | BD-JhCC | ||
| 005 | 20171028184241.0 | ||
| 008 | 171028s2003 bg |||| ||a| 000 0 eng d | ||
| 020 | _a9840743597 | ||
| 035 | _a(BD-JhCC) 2021 | ||
| 040 |
_aBD-JhCC _dBD-JhCC |
||
| 041 | _aeng | ||
| 082 |
_a398.99144 _bZAM 2003 |
||
| 100 | _aZamir, Muhammad | ||
| 245 |
_aAnthology of Bengali Proverbs and Bachans / _cMuhammad Zamir |
||
| 260 |
_aDhaka : _bBangla Academy Dhaka , _c2003 |
||
| 300 |
_a228 p .: _c24 cm . |
||
| 650 | _aProverbs,Bengali | ||
| 942 |
_2ddc _cBK |
||